Algebra (Record no. 343)

MARC details
000 -LEADER
fixed length control field 00461 a2200181 4500
001 - CONTROL NUMBER
control field 066161
003 - CONTROL NUMBER IDENTIFIER
control field OSt
005 - DATE AND TIME OF LATEST TRANSACTION
control field 20210915143632.0
008 - FIXED-LENGTH DATA ELEMENTS--GENERAL INFORMATION
fixed length control field
082 ## - DEWEY DECIMAL CLASSIFICATION NUMBER
Classification number 512
Item number W12A
100 1# - MAIN ENTRY--PERSONAL NAME
Personal name Waerden, B.L. Vander
245 1# - TITLE STATEMENT
Title Algebra
Statement of responsibility, etc by B.L. Vander Waerden
260 ## - PUBLICATION, DISTRIBUTION, ETC. (IMPRINT)
Place of publication, distribution, etc New York
Name of publisher, distributor, etc Springer
Date of publication, distribution, etc 2008
300 ## - PHYSICAL DESCRIPTION
Extent 2v. (v.1:265; v.2:284p.)
500 ## - GENERAL NOTE
General note 447 v.1; 452 v.2
690 ## - LOCAL SUBJECT ADDED ENTRY--TOPICAL TERM (OCLC, RLIN)
Topical term or geographic name as entry element Algebra, Abstract; Algebra
942 ## - ADDED ENTRY ELEMENTS (KOHA)
Source of classification or shelving scheme Dewey Decimal Classification
Koha item type Books
Holdings
Withdrawn status Lost status Damaged status Not for loan Collection code Home library Current library Date acquired Source of acquisition Cost, normal purchase price Total Checkouts Full call number Barcode Date last seen Date checked out Price effective from Koha item type
        General Text Book Central University Of Rajasthan Central University Of Rajasthan 07/03/2012 MTH 595.00 1 512 W12A 447 21/11/2024 21/10/2024 02/09/2020 Books
        General Text Book Central University Of Rajasthan Central University Of Rajasthan 07/03/2012 MTH 595.00 1 512 W12A 452 21/11/2024 21/03/2022 02/09/2020 Books